Financial counseling and planning: the journal of the Association for Financial Counseling and Planning Education (Record no. 38195)

MARC details
000 -LEADER
fixed length control field 00521nam a2200157Ia 4500
022 ## - INTERNATIONAL STANDARD SERIAL NUMBER
ISSN 10523073
050 ## - CALL MARK
Classification number HG 179 .F459/
245 #0 - TITLE STATEMENT
Title Financial counseling and planning: the journal of the Association for Financial Counseling and Planning Education
260 ## - PUBLICATION, DISTRIBUTION, ETC. (IMPRINT)
Name of publisher Taylor and Francis Group
260 ## - PUBLICATION, DISTRIBUTION, ETC. (IMPRINT)
Year of publication 2011
300 ## - PHYSICAL DESCRIPTION
Number of Pages v. , 89 p. : ill. ; 28 cm.
650 ## - SUBJECT ADDED ENTRY--TOPICAL TERM
Topical Term Finance, Personal--Periodicals. Investments--Periodicals.
942 ## - ADDED ENTRY ELEMENTS (KOHA)
Koha item type Serials

No items available.